|
|
|
|
| LEADER |
00656nam a22002292a 4500 |
| 001 |
000142632 |
| 003 |
CZ BrMZK |
| 005 |
20161123105941.0 |
| 008 |
010907s1992 xr f cze d |
| 040 |
|
|
|a BOA001
|b cze
|
| 080 |
|
|
|a 621.382(083)
|2 MRF
|
| 100 |
1 |
|
|a Hájek, Jan
|7 jx20040720106
|4 aut
|
| 245 |
1 |
0 |
|a Zpětné tabulky polovodičů :
|b SMT /
|c J. Hájek
|
| 246 |
3 |
3 |
|a SMT
|
| 250 |
|
|
|a 1. vyd.
|
| 260 |
|
|
|a Praha :
|b A A,
|c 1992
|
| 300 |
|
|
|a 11 s.
|
| 490 |
1 |
|
|a A A. SMT ;
|v sv. 4
|
| 830 |
|
0 |
|a A A.
|p SMT
|0 s
|
| 910 |
|
|
|a BOA001
|b TK-0253.146
|
| 990 |
|
|
|a BK
|
| 996 |
7 |
|
|b 2629984141
|c TK-0253.146
|l MZK
|r Sklad / do 24 hodin
|n 1
|w 000142632
|u 000010
|a 1
|e BOA001
|j MZK50
|s A
|